Trouve la logique - Pays version codée - Statistiques

Statistiques générales
  • Ce quiz a été pris 76 fois
  • Le résultat moyen est 20 sur 20
Statistiques - réponses
Pays Version codée % Correct
Allemagne 1ll2m1gn2
100%
Espagne 2sp1gn2
100%
France Fr1nc2
100%
Belgique B2lg3q52
99%
Brésil Br2s3l
99%
Italie 3t1l32
99%
Maroc M1r4c
99%
Mexique M2x3q52
99%
Portugal P4rt5g1l
99%
Suisse S53ss2
99%
Argentine 1rg2nt3n2
97%
Canada C1n1d1
97%
Chine Ch3n2
97%
Inde 3nd2
97%
Japon J1p4n
97%
Norvège N4rv2g2
97%
Tunisie T5n3s32
97%
Égypte 2g6pt2
96%
Kenya K2n61
96%
Australie 15str1l32
93%
Aucun quiz correspondant
Distribution des résultats
% des personnes avec chaque résultat
Percentile par nombre de réponses
Votre historique - résultats
Vous n’avez pas pris ce quiz